[Event "EU-ch Seniors 07th"]
[Site "Hockenheim"]
[Date "2007.06.08"]
[Round "7"]
[White "Kaminik, Aleksandar"]
[Black "Kock, Hans Uwe"]
[Result "1/2-1/2"]
[WhiteElo "2314"]
[BlackElo "2137"]
[PlyCount "116"]
[EventDate "2007.06.02"]
[EventType "swiss"]
[EventRounds "9"]
[EventCountry "GER"]
[SourceTitle "CBM 118 Extra"]
[Source "ChessBase"]
[SourceDate "2007.07.04"]
[SourceVersion "1"]
[SourceVersionDate "2007.07.04"]
[SourceQuality "1"]

1. d4 Nf6 2. c4 g6 3. Nc3 Bg7 4. e4 d6 5. f3 0-0 6. Be3 e5 7. Nge2 a5 8. Qd2 Na6 9. d5 Bd7 10. g4 Nc5 11. Ng3 Ne8 12. 0-0-0 f5 13. gxf5 gxf5 14. Bg5 Bf6 15. Bh6 Bg7 16. Rg1 Kh8 17. Nh5 Rg8 18. Nxg7 Nxg7 19. Rg5 Qf6 20. Rg1 f4 21. Bg5 Qf7 22. Qf2 Nh5 23. Be2 Ng3 24. hxg3 Rxg5 25. g4 Rag8 26. Rh1 R8g7 27. Rh6 R5g6 28. Rh5 Rg5 29. Rdh1 Rxh5 30. Rxh5 Qf6 31. Qh2 Be8 32. Qh4 Qxh4 33. Rxh4 Kg8 34. Kc2 Kf7 35. b3 Kg6 36. a3 Kg5 37. Rh1 h5 38. gxh5 Bxh5 39. b4 axb4 40. axb4 Na6 41. Kb3 Be8 42. Rh8 Bd7 43. c5 dxc5 44. Bxa6 cxb4 45. Bb5 bxc3 46. Bxd7 Rxd7 47. Re8 Kh4 48. Rxe5 Kg3 49. Kxc3 Kxf3 50. Re8 c6 51. Kd4 cxd5 52. exd5 Kf2 53. Ke5 f3 54. Ke6 Rh7 55. d6 Kg1 56. d7 Rxd7 57. Kxd7 f2 58. Rg8+ Kh2 1/2-1/2

[Event "EU-chT Seniors 09th"]
[Site "Dresden"]
[Date "2007.02.23"]
[Round "8"]
[White "Kaminik, Aleksandar"]
[Black "Tejero Royo, Fermin"]
[Result "1-0"]
[WhiteElo "2297"]
[BlackElo "2145"]
[PlyCount "57"]
[EventDate "2007.02.16"]
[EventType "team-swiss"]
[EventRounds "9"]
[EventCountry "GER"]
[SourceTitle "CBM 117 Extra"]
[Source "ChessBase"]
[SourceDate "2007.05.09"]
[SourceVersion "1"]
[SourceVersionDate "2007.05.09"]
[SourceQuality "1"]

1. d4 d5 2. c4 c6 3. Nf3 Nf6 4. e3 e6 5. Nc3 Nbd7 6. b3 Bd6 7. Bb2 0-0 8. Bd3 Qe7 9. Qc2 e5 10. dxe5 Nxe5 11. Nxe5 Bxe5 12. 0-0-0 dxc4 13. bxc4 Bg4 14. Rde1 b5 15. f4 Bxc3 16. Qxc3 b4 17. Qc2 g6 18. h3 Bd7 19. g4 Ne8 20. f5 gxf5 21. gxf5 f6 22. e4 Qc5 23. e5 Kh8 24. Rhg1 Rg8 25. Rxg8+ Kxg8 26. Qg2+ Kf8 27. exf6 Bxf5 28. Qg5 Qf2 29. Qh6+ 1-0

[Event "EU-chT Seniors 09th"]
[Site "Dresden"]
[Date "2007.02.20"]
[Round "5"]
[White "Chernikov, Oleg L"]
[Black "Kaminik, Aleksandar"]
[Result "1-0"]
[WhiteElo "2401"]
[BlackElo "2297"]
[PlyCount "25"]
[EventDate "2007.02.16"]
[EventType "team-swiss"]
[EventRounds "9"]
[EventCountry "GER"]
[SourceTitle "CBM 117 Extra"]
[Source "ChessBase"]
[SourceDate "2007.05.09"]
[SourceVersion "1"]
[SourceVersionDate "2007.05.09"]
[SourceQuality "1"]

1. Nf3 Nf6 2. g3 g6 3. b3 Bg7 4. Bb2 0-0 5. Bg2 d5 6. c4 c6 7. 0-0 Nbd7 8. Na3 Re8 9. d4 Ne4 10. Rc1 a6 11. Nc2 Qa5 12. a3 dxc4 13. bxc4 1-0

[Event "EU-chT Seniors 09th"]
[Site "Dresden"]
[Date "2007.02.18"]
[Round "3"]
[White "Niebling, Ferdinand"]
[Black "Kaminik, Aleksandar"]
[Result "0-1"]
[WhiteElo "2230"]
[BlackElo "2297"]
[PlyCount "78"]
[EventDate "2007.02.16"]
[EventType "team-swiss"]
[EventRounds "9"]
[EventCountry "GER"]
[SourceTitle "CBM 117 Extra"]
[Source "ChessBase"]
[SourceDate "2007.05.09"]
[SourceVersion "1"]
[SourceVersionDate "2007.05.09"]
[SourceQuality "1"]

1. d4 Nf6 2. c4 g6 3. g3 Bg7 4. Bg2 0-0 5. Nf3 d6 6. 0-0 Nc6 7. Nc3 a6 8. d5 Na5 9. Nd2 c5 10. Rb1 Nd7 11. Qc2 Rb8 12. b4 cxb4 13. Rxb4 Nc5 14. Bb2 Bf5 15. e4 Bd7 16. Nf3 b5 17. cxb5 axb5 18. Ba1 Na6 19. Rbb1 b4 20. Ne2 Rc8 21. Qd1 Bxa1 22. Rxa1 Nc5 23. Nfd4 Ba4 24. Qd2 b3 25. Qh6 b2 26. Rab1 Nc4 27. Nf4 Bd7 28. Bh3 Bxh3 29. Nxh3 f6 30. Nf4 Rf7 31. Nfe6 Nxe6 32. Nxe6 Qb6 33. Rfd1 Na3 34. Qd2 Nxb1 35. Rxb1 Rb8 36. Qc2 f5 37. Kg2 fxe4 38. Ng5 Rf5 39. Nxe4 Rxd5 0-1

[Event "EU-chT Seniors 09th"]
[Site "Dresden"]
[Date "2007.02.16"]
[Round "1"]
[White "Vink, Wim"]
[Black "Kaminik, Aleksandar"]
[Result "0-1"]
[WhiteElo "2102"]
[BlackElo "2297"]
[PlyCount "102"]
[EventDate "2007.02.16"]
[EventType "team-swiss"]
[EventRounds "9"]
[EventCountry "GER"]
[SourceTitle "CBM 117 Extra"]
[Source "ChessBase"]
[SourceDate "2007.05.09"]
[SourceVersion "1"]
[SourceVersionDate "2007.05.09"]
[SourceQuality "1"]

1. d4 Nf6 2. Nf3 g6 3. g3 Bg7 4. Bg2 0-0 5. 0-0 d6 6. c4 Nc6 7. Nc3 a6 8. b3 Rb8 9. a4 Na5 10. Qc2 Bf5 11. e4 Bg4 12. Be3 Nd7 13. h3 Bxf3 14. Bxf3 Nc6 15. Qd2 e5 16. dxe5 dxe5 17. Ne2 Qe7 18. Rfd1 Nc5 19. Rab1 Rbd8 20. Bxc5 Qxc5 21. Qe3 Qxe3 22. fxe3 Bh6 23. Kf2 Nb4 24. Nc3 c6 25. Rxd8 Rxd8 26. Rd1 Rd3 27. Rxd3 Nxd3+ 28. Kf1 Nc1 29. Bd1 Bxe3 30. Bc2 Bd4 31. Ne2 Na2 32. Kg2 Nb4 33. Bd1 Kf8 34. Kf3 Ke7 35. h4 Kd6 36. Kg4 Be3 37. h5 Kc5 38. hxg6 hxg6 39. Kf3 Bd2 40. Ng1 Kd4 41. Ke2 Bh6 42. Kf3 Kd3 43. Nh3 Kd2 44. Nf2 f5 45. Be2 Nc2 46. Bd1 Nd4+ 47. Kg2 fxe4 48. Bg4 e3 49. Ne4+ Kc2 50. Nc5 e2 51. Kf2 Be3+ 0-1

[Event "Bayern-chI Bank Hofmann 10th"]
[Site "Bad Wiessee"]
[Date "2006.11.12"]
[Round "9"]
[White "Kaminik, Aleksandar"]
[Black "Mueller, Ralf1111"]
[Result "1/2-1/2"]
[WhiteElo "2251"]
[BlackElo "2134"]
[PlyCount "32"]
[EventDate "2006.11.04"]
[EventType "swiss"]
[EventRounds "9"]
[EventCountry "GER"]
[SourceTitle "EXT 2007"]
[Source "ChessBase"]
[SourceDate "2006.11.23"]
[SourceVersion "1"]
[SourceVersionDate "2006.11.23"]
[SourceQuality "1"]

1. d4 Nf6 2. c4 g6 3. Nc3 d5 4. Bg5 Ne4 5. cxd5 Nxc3 6. bxc3 Qxd5 7. Nf3 Bg7 8. e3 Qa5 9. Qd2 c5 10. Bd3 Nc6 11. h3 0-0 12. 0-0 h6 13. Bh4 Rd8 14. Rab1 cxd4 15. cxd4 Qxd2 16. Nxd2 Bxd4 1/2-1/2

[Event "Wch Seniors 16th"]
[Site "Arvier"]
[Date "2006.09.19"]
[Round "8"]
[White "Kaminik, Aleksandar"]
[Black "Karasev, Vladimir I"]
[Result "1-0"]
[WhiteElo "2226"]
[BlackElo "2379"]
[PlyCount "101"]
[EventDate "2006.09.11"]
[EventType "swiss"]
[EventRounds "11"]
[EventCountry "ITA"]
[SourceTitle "CBM 114 Extra"]
[Source "ChessBase"]
[SourceDate "2006.11.03"]
[SourceVersion "1"]
[SourceVersionDate "2006.11.03"]
[SourceQuality "1"]

1. d4 b5 2. e4 Bb7 3. Nd2 a6 4. Ngf3 e6 5. Bd3 c5 6. c3 d6 7. 0-0 Nd7 8. a4 c4 9. Bc2 Ngf6 10. Qe2 e5 11. b3 cxb3 12. Bxb3 Be7 13. axb5 axb5 14. Bb2 0-0 15. Qxb5 Rb8 16. dxe5 Bxe4 17. Qa5 dxe5 18. Qxd8 Rfxd8 19. Ba3 Bxa3 20. Rxa3 Nc5 21. Bc4 Bd3 22. Rfa1 Bxc4 23. Nxc4 e4 24. Nd4 Rf8 25. Nc6 Rb7 26. Ra7 Rxa7 27. Rxa7 g6 28. Nd6 Nfd7 29. Kf1 Kg7 30. Ke2 Kf6 31. Ke3 Ke6 32. Nxe4 Nxe4 33. Kxe4 Kd6 34. Nd4 Nf6+ 35. Kd3 Ng4 36. f3 Ne5+ 37. Ke4 f5+ 38. Kf4 Nd7 39. c4 Rb8 40. Nb5+ Ke6 41. h4 Rc8 42. Rc7 Rxc7 43. Nxc7+ Kd6 44. Na6 Kc6 45. Kg5 Kb6 46. Kh6 Ne5 47. Kxh7 Nxc4 48. Kxg6 Ne3 49. h5 Nxg2 50. h6 Nh4+ 51. Kf6 1-0